| 000 | 00883nam a22002057a 4500 | ||
|---|---|---|---|
| 999 |
_c1895 _d1895 |
||
| 003 | AR-CdUCM | ||
| 008 | 190228b ||||| |||| 00| 0 spa d | ||
| 040 |
_aMUNICIPALIDAD PROVINCIAL DEL CUSCO _cBIBLIOTECA MUNICIPAL DEL CUSCO |
||
| 082 |
_a985.613 / _bC26 |
||
| 100 |
_aCarrasco V., Alfonso _96939 |
||
| 245 |
_aEl valle de Lares : _bdiagnóstico socio-económico y agronómico de la cuenca del rio Yanatile / |
||
| 260 |
_aLima : _bTecnología intermedia, _c1989. |
||
| 300 |
_a108 páginas ; _bCuadros, figuras. _c29 cm. |
||
| 505 | _aEl medio físico y natural -- Aspectos históricos -- Características de la población y de la ocupación del espacio -- La actividad agricola -- Valor bruto de la actividad agricola y pecuaria ... | ||
| 650 |
_aComercio _9322 |
||
| 650 |
_aProducción _91785 |
||
| 650 |
_aTecnología _91571 |
||
| 942 |
_2ddc _cLIBROS |
||
| 945 |
_aafb _d2019-02-28 |
||